000 00540nam a22001577a 4500
003 OSt
005 20151101104553.0
008 151101b xxu||||| |||| 00| 0 eng d
040 _cRUA
082 _aFOR ស៊ិន 1990 B115 Or.1
100 _93127
_aស៊ិន កុសល
245 _aសកម្មភាពគ្រប់គ្រងបច្ចេកទេសវិស័យព្រៃឈើនៅខេត្តកំពង់ស្ពឺ
260 _aPhnom Penh
_bRUA
_c1990
300 _a79p.
_bill.
_c29cm.
942 _2ddc
_cFOR
999 _c2916
_d2916